Finish the Lyrics - Vampire - Statistics

General Stats
  • This quiz has been taken 158 times
  • The average score is 45 of 51
Answer Stats
Hint Answer % Correct
You only come out at _____ night
96%
You only come out at _____ night
96%
You only come out at _____ night
96%
As you sunk your _____ into me, oh teeth
95%
As you sunk your _____ into me, oh teeth
95%
As you sunk your _____ into me, oh teeth
95%
Bleedin' me dry like a &*#$ _______ vampire
95%
Bleedin' me dry like a &*#$ _______ vampire
95%
Bleedin' me dry like a &*#$ _______ vampire
95%
I see the parties and the diamonds sometimes when I close my ____ eyes
94%
'Cause I've made some real big ________ mistakes
94%
I've made some real big ________ mistakes
94%
I've made some real big ________ mistakes
94%
Hate to give the satisfaction asking how you're doing ___ now
93%
But you make the worst one look ____ fine
92%
But you make the worst one look ____ fine
92%
But you make the worst one look ____ fine
92%
Look at you, cool ___, you got it guy
92%
But you made me look so _____ naive
92%
But you made me look so _____ naive
92%
But you made me look so _____ naive
92%
The way you sold me for _____ parts
92%
The way you sold me for _____ parts
92%
The way you sold me for _____ parts
92%
You called them crazy, I hate the way I called 'em _____ too crazy
90%
How do you ___ without flinching? lie
90%
(How do you ___? How do you ___? How do you ___?) lie
90%
I used to think I was _____ smart
90%
I used to think I was _____ smart
90%
I used to think I was _____ smart
90%
You gotta laugh at the _________ stupidity
90%
How's the castle built off ______ you pretend to care about? people
89%
I should've known it was _______ strange
89%
I should've known it was _______ strange
89%
I should've known it was _______ strange
89%
You can't love anyone 'cause that could mean you had a _____ heart
88%
And every girl I ever talked to told me you were bad, bad ____ news
87%
Six months of torture you sold as some forbidden ________ paradise
86%
Went for __ and not her me
85%
Just what you ______ wanted
85%
You said it was true ____, but wouldn't that be hard? love
83%
I loved you _____ truly
83%
'Cause how you think's the kind of thing I'll never __________ understand
82%
Can't figure out just how you do it and who knows I never ____ will
81%
'Cause _____ your age know better girls
77%
You're so __________ convincing
76%
Bloodsucker, _____ crusher dream
74%
Bloodsucker, _____ crusher dream
74%
Bloodsucker, _____ crusher dream
74%
I tried to ____ you out, now I know that I can't help
74%
Oh, what a mesmerizing, paralyzing, tragic little ______ thrill
59%
No matching quizzes found
Score Distribution
Percent of People with Each Score
Percentile by Number Answered
Your Score History
You have not taken this quiz